| 000 | 00525nam a2200157 a 4500 | ||
|---|---|---|---|
| 001 | 000029575 | ||
| 005 | 20200930055641.0 | ||
| 008 | 110419s20uu dr 000 0 spa d | ||
| 040 |
_aDO-SdBNP _bspa _cBNPHU |
||
| 100 | 1 |
_aRodríguez de Báez, Martha _911139 |
|
| 245 | 1 | 0 |
_aManual de violencia intrafamiliar : _bun problema de realción / _cMartha Rodríguez de Báez. |
| 260 |
_aSanto Domingo : _bUniversidad Católica Santo Domingo, _c[200?]. |
||
| 300 |
_a24 p. ; _c22 cm. |
||
| 504 | _aBibliografía: p. 24 | ||
| 049 | _aBNPD | ||
| 999 |
_c29067 _d29067 |
||